| 000 | 00482nam a2200205 a 4500 | ||
|---|---|---|---|
| 999 |
_c7260 _d7260 |
||
| 001 | 7260 | ||
| 003 | BD-JhCC | ||
| 005 | 20180207100240.0 | ||
| 008 | 180207s1962 e a|||| || | 001 0 eng d | ||
| 035 | _a(BD-JhCC)7260 | ||
| 040 |
_aBD-JhCC _dBD-JhCC |
||
| 041 | _aeng | ||
| 082 |
_a796.32 _b1962 |
||
| 245 |
_aBasketball Guide / _cShirley Winsberg |
||
| 260 |
_aLondon : _c1961 |
||
| 300 |
_a159 p. : _c16 cm. |
||
| 650 |
_aBasketball _xPlay |
||
| 942 |
_2ddc _cBK |
||